00542nam a2200193 a 450000100060000000300090000600800410001502000150005604000280007108200180009910000260011724500310014326000330017430000100020749000510021765000260026865000260029465000280032017909CO-ViMGA141112s2004 ck r 000 u spa d a9968380725 aCO-ViMGAbspacCO-ViMGA04a340.072 C175a1 aCarnelutti, Francesco10aArte del derecho . Vol (3) aMexico, cJurídica, c2001 a48.p. aGrandes maestros de la filosofía del derecho14aDERECHO - ENSEÑANZA14aFILOSOFIA DEL DERECHO14aMETODOLOGIA DEL DERECHO